Statistics for Les miserables - do you hear the people sing lyrics

Click here to take the quiz!

General Stats

  • This quiz has been taken 4,371 times
  • The average score is 35 of 42

Answer Stats

HintAnswer% Correct
Do ______ hear the people singyou
100%
Do ____ hear the people singyou
100%
Do _____ hear the people singyou
100%
Singing the son of ____ menangry
98%
Singing the song of ______ menangry
98%
Singing the song of _____ menangry
98%
When the beating of your ____heart
98%
when the beating of your ____heart
98%
when the beating of your _____heart
98%
of the _____drums
92%
of the _____drums
92%
of the ______drums
92%
who will not be ______ againslaves
92%
who will not be ____ againslaves
92%
who will not be ____ againslaves
92%
when _______ comestomorrow
91%
When ______ comestomorrow
91%
when ________ comestomorrow
91%
It is the _____ of a peoplemusic
88%
It is the _____of a peoplemusic
88%
It is the _____ of a peoplemusic
88%
that will give you the right to be ____free
85%
then join in the ___fight
84%
will you _____ upstand
83%
and ____ with mestand
83%
will you join in our ____crusade
81%
there is a _____ abut to startlife
80%
there is a ____ about to startlife
80%
there is a _____ about to startlife
80%
beyond the _____barricade
79%
____ the beatingechos
79%
_______ the beatingechos
79%
____ the beatingechos
79%
who will be____strong
77%
is there a _____ you long to seeworld
76%
Will you ____ all you can ____give
69%
some will ____fall
67%
and some will _____live
67%
and take your _____chance
64%
will water the meadows of ____France
64%
So that our _____ may advancebanner
51%
the blood of the ____martyrs
51%

Score Distribution

Percentile by Number Answered

Percent of People with Each Score

Your Score History

You have not taken this quiz